000 04916nam a2200505 a 4500
001 dia_3845
003 CHAP
005 20250523123444.0
007 ta
008 220117s2003 mx abd frm 001 0 spa d
010 _a174450
040 _cCHAP
_amxchpua
041 0 _aspa
_beng
090 _aTesis
_bS26
_c2003
100 1 _aSánchez Páez, Ricardo
240 1 0 _aEconomic analysis of the importations of the four main cereals (corn, wheat rice and barley) of national consumption in the related agroindustrie.
_lEspañol
245 1 0 _aAnálisis económico de las importaciones de los 4 principales cereales (maíz, trigo, arroz y cebada) de consumo nacional en la agroindustria relacionada /
_cRicardo Sánchez Páez
264 _aChapingo, México:
_bEl autor,
_c2003
300 _avii, 78 hojas :
_bilustraciones, tablas, gráficas, mapas
336 _2rdacontent
_atexto
_btxt
337 _2rdamedia
_ano mediado
_bn
338 _2rdacarrier
_avolumen
_bnc
502 _aTesis
_b(Ingeniero Agroindustrial) --
_cUACh. Departamento de Ingeniería Agroindustrial,
_d2003
504 _aBibliografía: hojas 71-73
520 3 _aLa economía estudia eventos o escenarios donde se presentan fenómenos numéricos cuantificables. Por lo que realizar un análisis económico nos permite conocer y estudiar con detalle los parámetros cuantificables de esta situación. Los granos de cereal son parte esencial de la razón y existencia de culturas milenarias, formando parte de la dieta alimenticia humana desde tiempos inmemorables; por lo que la producción en ciertos países es esencial para su alimentación y desarrollo. Las importaciones son entonces la falta de capacidad de territorial, financiera, de creación e implementación de planes de desarrollo para solventar la demanda; en donde se recurre a un proveedor que pueda abastecer dicha necesidad. El presente estudio se realizó con la finalidad de revisar y conocer los motivos y necesidades que han orillado a México a recurrir a las importaciones de maíz, trigo, arroz y cebada, apoyándose en un análisis económico de todas las variables que intervienen en la importación de estos granos; al mismo tiempo estudiando y aplicando un modelo de planeación estratégica para esta situación. Se concluye que México cuenta con las características físicas necesarias para la siembra y cosecha de maíz, trigo, arroz y cebada, lo que sin embargo no es suficiente para abastecer una demanda creciente, debido a los bajos rendimientos en campo, altos precios de venta y bajos subsidios a la producción primaria, lo que hace difícil la competencia con granos de cereal de las grandes potencias mundiales productoras.
520 3 _aThe economy studies events or scenes where cuantificables numerical phenomena appear. Reason why to make an economic analysis allows us to know and to study with detail the cuantificables parameters of this situation. The cereal grains are essential part of the reason and existence of millenarian cultures, comprising in the human nutritional diet since inmemorables times; reason why the production in certain countries is essential for its feeding and development. The imports are then the lack of territorial, financial capacity of, of creation and implementation of plans of development to resolve the demand; in where one resorts to a supplier that can supply this necessity. The present study was made with the purpose of studying and of knowing the reasons and necessities that have bordered Mexico to resort to the imports of corn, wheat, rice and barley, leaning in an economic analysis of all the variables that take part in the import of these grains; at the same time studying and applying a model of strategic planning for this sistuación. Which concludes that Mexico counts with the necessary physical characteristics for seedtime and harvest of corn, wheat, rice and barley, nevertheless is not sufficient to supply an increasing demand, due to the low yields in field, hight sale prices and low subsidies to the primary production, which makes difficult competition with grains of cereal of the great producing world-wide powers.
650 1 3 _aArroz
_2atg
650 1 3 _aCebada
_2atg
650 1 3 _aMaíz
_2atg
650 1 3 _aImportaciones
_xAspectos económicos
_2atg
650 1 3 _aTrigo
_2atg
650 1 3 _aBarley
_2atg
650 1 3 _aCorn
_2atg
650 1 3 _aImports
_xEconomical aspects
_2atg
650 1 3 _aRice
_2atg
650 1 3 _aWheat
_2atg
700 1 _aPonce Hernández, Pedro
_edirector
700 1 _aBuendía González, María Ofelia
_easesor
700 1 _aFlores Verduzco, Juan José
_easesor
856 4 1 _uhttp://10.13.5.2/tesis/2003_SANCHEZ_PAEZ_RICARDO_Tesis.pdf
_yDESCARGAR PDF
901 _aTESIS S26 2003
902 _aM
905 _a5232272003 mx bimn8223223322spa16
942 _cTESIS
_2Clasificación Universidad Autónoma Chapingo
999 _c174450
_d174450